[Event "Landesklasse West 2015/2016"]
[Site "?"]
[Date "2015.12.20"]
[Round "5"]
[White "Hocke, Sebastian"]
[Black "Klingler, Lutz"]
[Result "1/2-1/2"]
[WhiteElo "2043"]
[BlackElo "1933"]
[PlyCount "23"]
[EventDate "2015.??.??"]
[WhiteTeam "ESV Lok Meiningen"]
[BlackTeam "SV Schmalkalden 04"]

1. e4 g6 2. d4 Bg7 3. Nc3 c6 4. Nf3 d5 5. e5 Nh6 6. Bd3 O-O 7. Bg5 f6 8. exf6
exf6 9. Bxh6 Bxh6 10. O-O b6 11. Re1 Na6 12. a3 1/2-1/2

[Event "Landesklasse West 2015/2016"]
[Site "?"]
[Date "2015.12.20"]
[Round "5"]
[White "Lesser, Thomas"]
[Black "Scheftlein, Richard"]
[Result "1/2-1/2"]
[WhiteElo "1856"]
[BlackElo "2058"]
[PlyCount "54"]
[EventDate "2015.??.??"]
[WhiteTeam "SV Schmalkalden 04"]
[BlackTeam "ESV Lok Meiningen"]

1. e4 c6 2. d4 d5 3. exd5 cxd5 4. Bd3 Nc6 5. c3 Nf6 6. Bf4 Bg4 7. Qb3 Qd7 8.
Nd2 e6 9. Ngf3 Bd6 10. Bxd6 Qxd6 11. Rb1 O-O 12. O-O a6 13. h3 Bh5 14. Rfe1 Bg6
15. Bxg6 hxg6 16. Ne5 b5 17. Nxc6 Qxc6 18. Nf3 Ne4 19. Ne5 Qc7 20. Qd1 Nd6 21.
Qg4 Nc4 22. h4 Nxe5 23. Rxe5 Rae8 24. Rbe1 Qe7 25. R1e3 Qd8 26. h5 gxh5 27.
Qxh5 g6 1/2-1/2

[Event "Landesklasse West 2015/2016"]
[Site "?"]
[Date "2015.12.20"]
[Round "5"]
[White "Jörges, Frank"]
[Black "Bamberg, Alexander"]
[Result "1/2-1/2"]
[WhiteElo "1823"]
[BlackElo "1865"]
[PlyCount "28"]
[EventDate "2015.??.??"]
[WhiteTeam "ESV Lok Meiningen"]
[BlackTeam "SV Schmalkalden 04"]

1. d4 Nf6 2. Nf3 g6 3. Bf4 Bg7 4. e3 c5 5. c3 b6 6. Bd3 O-O 7. Nbd2 d6 8. h3
Bb7 9. Qe2 Nbd7 10. O-O Re8 11. e4 e5 12. dxe5 dxe5 13. Bh2 Re7 14. Rad1 Qc7
1/2-1/2

[Event "Landesklasse West 2015/2016"]
[Site "?"]
[Date "2015.12.20"]
[Round "5"]
[White "Krannich, Steffen"]
[Black "Lehmann, Peter"]
[Result "1/2-1/2"]
[WhiteElo "1814"]
[BlackElo "1888"]
[PlyCount "83"]
[EventDate "2015.??.??"]
[WhiteTeam "SV Schmalkalden 04"]
[BlackTeam "ESV Lok Meiningen"]

1. d4 Nf6 2. Nf3 c6 3. g3 d5 4. c4 Nbd7 5. Bg2 dxc4 6. O-O e6 7. Nbd2 Nb6 8.
Qc2 Be7 9. Nxc4 Nxc4 10. Qxc4 h6 11. Bd2 Qd5 12. Ne5 Qxc4 13. Nxc4 O-O 14. Rfc1
Rd8 15. e3 Nd5 16. Rab1 f6 17. b4 Nb6 18. b5 c5 19. Ba5 cxd4 20. exd4 Rxd4 21.
Bxb6 Rxc4 22. Rxc4 axb6 23. Rbc1 Bc5 24. a4 Kf7 25. Rd1 Ke7 26. h4 g5 27. hxg5
hxg5 28. Bf3 Rb8 29. Kg2 f5 30. Rh1 g4 31. Rh7+ Kd6 32. Bd1 e5 33. Rh8 Be6 34.
Rxb8 Bxc4 35. Bc2 Bd5+ 36. Kf1 e4 37. Rd8+ Ke5 38. Rd7 Ke6 39. Rd8 Ke5 40. Ke1
Bb4+ 41. Kd1 Bc5 42. Ke1 1/2-1/2

[Event "Landesklasse West 2015/2016"]
[Site "?"]
[Date "2015.12.20"]
[Round "5"]
[White "Grube, Jan"]
[Black "Burkhardt, Christian"]
[Result "1/2-1/2"]
[WhiteElo "1824"]
[BlackElo "1671"]
[PlyCount "125"]
[EventDate "2015.??.??"]
[WhiteTeam "ESV Lok Meiningen"]
[BlackTeam "SV Schmalkalden 04"]

1. c4 Nf6 2. d4 e6 3. Nc3 d5 4. Bg5 Be7 5. Nf3 Nbd7 6. e3 c6 7. Bd3 dxc4 8.
Bxc4 Nd5 9. Bxe7 Qxe7 10. O-O Nxc3 11. bxc3 e5 12. dxe5 Nxe5 13. Nxe5 Qxe5 14.
Qd4 Qxd4 15. exd4 Be6 16. Rfe1 Kd7 17. Bd3 g6 18. Rab1 Kc7 19. Rb2 Rhe8 20. f3
Bd7 21. Reb1 b6 22. Kf2 Re7 23. Re1 Rae8 24. Rbe2 Rxe2+ 25. Rxe2 Rxe2+ 26. Kxe2
h6 27. h4 g5 28. hxg5 hxg5 29. Bc4 f6 30. Ke3 Kd6 31. f4 gxf4+ 32. Kxf4 b5 33.
Bd3 Be6 34. a3 a6 35. g3 a5 36. Be2 Bd7 37. Bd3 Be6 38. Ke3 Bd5 39. Be2 Be6 40.
Ke4 Bd7 41. Bh5 c5 42. Bf7 b4 43. dxc5+ Kxc5 44. cxb4+ axb4 45. axb4+ Kxb4 46.
Kd5 Bg4 47. Be6 Bd1 48. Kd6 Kc3 49. Ke7 Kd4 50. Kxf6 Ke4 51. Bf5+ Ke3 52. Kg5
Kf2 53. Kh4 Bf3 54. Bg6 Kg2 55. Bf5 Kf2 56. Kh3 Bg2+ 57. Kh2 Bf3 58. Kh3 Bg2+
59. Kh4 Bf3 60. Bg4 Be4 61. Bh5 Bf5 62. g4 Bxg4 63. Bxg4 1/2-1/2

[Event "Landesklasse West 2015/2016"]
[Site "?"]
[Date "2015.12.20"]
[Round "5"]
[White "Wissel, Daniel"]
[Black "Holland-Cunz, Dietrich"]
[Result "1/2-1/2"]
[WhiteElo "1801"]
[BlackElo "1788"]
[PlyCount "31"]
[EventDate "2015.??.??"]
[WhiteTeam "SV Schmalkalden 04"]
[BlackTeam "ESV Lok Meiningen"]

1. e4 d6 2. d4 Nf6 3. Nc3 e5 4. dxe5 dxe5 5. Qxd8+ Kxd8 6. Bg5 Be6 7. O-O-O+
Nbd7 8. Nf3 Bd6 9. Bb5 Kc8 10. Be3 Ng4 11. Ng5 Nxe3 12. fxe3 Re8 13. Rhf1 f6
14. Nxe6 Rxe6 15. Bxd7+ Kxd7 16. Nb5 1/2-1/2

[Event "Landesklasse West 2015/2016"]
[Site "?"]
[Date "2015.12.20"]
[Round "5"]
[White "Latka, Vera"]
[Black "Himmel, Matthias"]
[Result "1/2-1/2"]
[WhiteElo "1754"]
[BlackElo "1564"]
[PlyCount "36"]
[EventDate "2015.??.??"]
[WhiteTeam "ESV Lok Meiningen"]
[BlackTeam "SV Schmalkalden 04"]

1. e4 c5 2. Nf3 Nc6 3. d4 cxd4 4. Nxd4 g6 5. Nc3 Bg7 6. Be3 Nf6 7. Be2 O-O 8.
O-O d6 9. h3 Bd7 10. Qd2 Re8 11. Rad1 a6 12. f4 Nxd4 13. Bxd4 Bc6 14. Bf3 Qa5
15. Nd5 Qxd2 16. Rxd2 Rac8 17. Nxf6+ exf6 18. Re1 f5 1/2-1/2

[Event "Landesklasse West 2015/2016"]
[Site "?"]
[Date "2015.12.20"]
[Round "5"]
[White "Röder, Detlef"]
[Black "Oleak, Wolfgang"]
[Result "1/2-1/2"]
[WhiteElo "1622"]
[BlackElo "1470"]
[PlyCount "33"]
[EventDate "2015.??.??"]
[WhiteTeam "SV Schmalkalden 04"]
[BlackTeam "ESV Lok Meiningen"]

1. e4 c5 2. c3 Nc6 3. d4 cxd4 4. cxd4 e6 5. d5 exd5 6. exd5 Bb4+ 7. Bd2 Qe7+ 8.
Ne2 Nd4 9. a3 Bxd2+ 10. Nxd2 Nf6 11. Nb3 Nxb3 12. Qxb3 O-O 13. O-O-O Qc5+ 14.
Nc3 Ne4 15. Re1 Nxf2 16. Rg1 Nh3 17. Rh1 1/2-1/2

[Event "Landesklasse West 2015/2016"]
[Site "?"]
[Date "2015.12.20"]
[Round "5"]
[White "Minor, Viatcheslav"]
[Black "Rätsch, Heinz"]
[Result "1-0"]
[WhiteElo "1970"]
[BlackElo "2030"]
[PlyCount "47"]
[EventDate "2015.??.??"]
[WhiteTeam "SV Wartburgstadt Eisenach"]
[BlackTeam "Schachclub 1998 Gotha"]

1. e4 d6 2. d4 Nf6 3. Nc3 g6 4. f4 Bg7 5. Nf3 O-O 6. Be2 c6 7. O-O b5 8. a3 Qb6
9. Kh1 Bg4 10. Be3 d5 11. e5 Ne8 12. h3 Bxf3 13. Bxf3 e6 14. Qe1 Nd7 15. g4 f6
16. f5 fxe5 17. fxe6 exd4 18. exd7 dxe3 19. Nxd5 Qc5 20. Qxe3 Bd4 21. Qe6+ Kh8
22. Nb4 Nc7 23. Qxc6 Qe5 24. Nd3 1-0

[Event "Landesklasse West 2015/2016"]
[Site "?"]
[Date "2015.12.20"]
[Round "5"]
[White "Rockstuhl, Reiner"]
[Black "Neef, Michael"]
[Result "1/2-1/2"]
[WhiteElo "1805"]
[BlackElo "1866"]
[PlyCount "25"]
[EventDate "2015.??.??"]
[WhiteTeam "Schachclub 1998 Gotha"]
[BlackTeam "SV Wartburgstadt Eisenach"]

1. e4 e6 2. d4 d5 3. Nc3 dxe4 4. Nxe4 Nd7 5. Nf3 Ngf6 6. Ng3 Bd6 7. Bd3 b6 8.
O-O Bb7 9. Re1 O-O 10. Qe2 h6 11. Ne4 Nxe4 12. Bxe4 Bxe4 13. Qxe4 1/2-1/2

[Event "Landesklasse West 2015/2016"]
[Site "?"]
[Date "2015.12.20"]
[Round "5"]
[White "Königsdörfer, Gerhard"]
[Black "Lutzkat, Ulrich"]
[Result "0-1"]
[WhiteElo "1897"]
[BlackElo "1930"]
[PlyCount "34"]
[EventDate "2015.??.??"]
[WhiteTeam "SV Wartburgstadt Eisenach"]
[BlackTeam "Schachclub 1998 Gotha"]

1. e4 g6 2. d4 Bg7 3. Nc3 d6 4. f4 Nc6 5. Be3 Nf6 6. Nf3 O-O 7. Qd2 e5 8. fxe5
dxe5 9. d5 Nd4 10. Nxd4 exd4 11. Bxd4 Nxe4 12. Nxe4 Qh4+ 13. Ng3 Re8+ 14. Be2
Bxd4 15. c3 Be3 16. Qd3 Bf5 17. Qc4 Re4 0-1

[Event "Landesklasse West 2015/2016"]
[Site "?"]
[Date "2015.12.20"]
[Round "5"]
[White "Manger, Hans-Gerald"]
[Black "Graupner, Markus"]
[Result "1/2-1/2"]
[WhiteElo "1806"]
[BlackElo "1700"]
[PlyCount "36"]
[EventDate "2015.??.??"]
[WhiteTeam "Schachclub 1998 Gotha"]
[BlackTeam "SV Wartburgstadt Eisenach"]

1. d4 d5 2. c4 Nf6 3. Nc3 e6 4. Bg5 Be7 5. Nf3 Nbd7 6. e3 a6 7. Rc1 O-O 8. Bd3
dxc4 9. Bxc4 b5 10. Bd3 c5 11. Bxf6 Nxf6 12. dxc5 Bxc5 13. O-O Qe7 14. Ne4 Bb6
15. Nxf6+ Qxf6 16. Be4 Rb8 17. Qd6 Bb7 18. Bxb7 Rxb7 1/2-1/2

[Event "Landesklasse West 2015/2016"]
[Site "?"]
[Date "2015.12.20"]
[Round "5"]
[White "Anschütz, Bernd"]
[Black "Bauer, Wilfried"]
[Result "1-0"]
[WhiteElo "1728"]
[BlackElo "1596"]
[PlyCount "103"]
[EventDate "2015.??.??"]
[WhiteTeam "SV Wartburgstadt Eisenach"]
[BlackTeam "Schachclub 1998 Gotha"]

1. e4 g6 2. g3 d5 3. Bg2 dxe4 4. Bxe4 Bg7 5. Nc3 c6 6. d3 Na6 7. Bg2 Bf5 8.
Nge2 Qd7 9. Be3 Nc7 10. Qd2 Nf6 11. h3 Nfd5 12. Bh6 Bf6 13. g4 Be6 14. Ne4
O-O-O 15. Nxf6 Nxf6 16. Nf4 Kb8 17. Nxe6 Qxe6+ 18. Qe3 Qd6 19. O-O-O Nfd5 20.
Qf3 f6 21. Bd2 e5 22. Rhe1 Ne6 23. Qg3 Ndf4 24. Bf1 Rd7 25. h4 h6 26. Re4 Ka8
27. Rde1 Nc5 28. Rc4 Nce6 29. Rce4 g5 30. Kb1 Nc5 31. Rc4 b5 32. Rc3 Nd5 33.
Ra3 b4 34. Ra5 Nb7 35. Ra4 a5 36. Be3 gxh4 37. Qf3 c5 38. Bg2 Qc6 39. c4 Nc3+
40. bxc3 Qxa4 41. Qxf6 Rc8 42. Qa6+ Kb8 43. Bd2 b3 44. axb3 Qxb3+ 45. Kc1 Rxd3
46. Rxe5 Rcd8 47. Rd5 R3xd5 48. Bxd5 Rd6 49. Bf4 Qxc3+ 50. Kb1 Qe1+ 51. Ka2
Qxf2+ 52. Ka3 1-0

[Event "Landesklasse West 2015/2016"]
[Site "?"]
[Date "2015.12.20"]
[Round "5"]
[White "Schlick, Stefan"]
[Black "Ulbricht, Olaf"]
[Result "1-0"]
[WhiteElo "1685"]
[BlackElo "1571"]
[PlyCount "75"]
[EventDate "2015.??.??"]
[WhiteTeam "Schachclub 1998 Gotha"]
[BlackTeam "SV Wartburgstadt Eisenach"]

1. d4 Nf6 2. c4 g6 3. Nc3 Bg7 4. e4 d6 5. Nf3 Nc6 6. Be2 O-O 7. O-O Re8 8. d5
Ne5 9. Nxe5 dxe5 10. Be3 e6 11. Qc2 exd5 12. cxd5 a6 13. Rfd1 Bg4 14. f3 Bd7
15. Rac1 Rc8 16. Qb3 b5 17. a4 bxa4 18. Qa2 Nh5 19. Bxa6 Ra8 20. Bb7 Rb8 21.
Bc6 Bxc6 22. dxc6 Qh4 23. Rd7 Rf8 24. Rxc7 Nf4 25. Bxf4 Qxf4 26. Rd1 Qe3+ 27.
Kh1 h5 28. Rcd7 Qf2 29. R7d2 Qc5 30. Nd5 Kh7 31. c7 Rbc8 32. Qxa4 Bh6 33. Rc2
Qd6 34. Rc6 Ra8 35. Qxa8 Rxa8 36. Rxd6 Bg5 37. Rb6 Bd2 38. Rb8 1-0

[Event "Landesklasse West 2015/2016"]
[Site "?"]
[Date "2015.12.20"]
[Round "5"]
[White "Becker, Walter"]
[Black "Reucker, Friedrich"]
[Result "0-1"]
[WhiteElo "1475"]
[BlackElo "1592"]
[PlyCount "72"]
[EventDate "2015.??.??"]
[WhiteTeam "SV Wartburgstadt Eisenach"]
[BlackTeam "Schachclub 1998 Gotha"]

1. Nf3 Nf6 2. g3 g6 3. b3 Bg7 4. Bb2 O-O 5. Bg2 d6 6. O-O Nbd7 7. c4 e5 8. Nc3
Nh5 9. e4 c6 10. Qc2 f5 11. exf5 gxf5 12. Ne2 Qe7 13. Rfe1 f4 14. gxf4 Nxf4 15.
Nxf4 Rxf4 16. Re4 Rxe4 17. Qxe4 Nc5 18. Qe3 e4 19. Rb1 Bxb2 20. Rxb2 Qg7 21.
Nh4 Qxb2 22. Qg5+ Qg7 23. Qd8+ Qf8 24. Qg5+ Kh8 25. Qh5 Qg8 26. Qh6 Be6 27. b4
Qg7 28. Qxg7+ Kxg7 29. bxc5 dxc5 30. Bxe4 Bxc4 31. a3 Rd8 32. Nf3 Bd5 33. d3
Bxe4 34. dxe4 c4 35. Kf1 c3 36. Ke2 c2 0-1

[Event "Landesklasse West 2015/2016"]
[Site "?"]
[Date "2015.12.20"]
[Round "5"]
[White "Grabner, Stefan"]
[Black "Mekus, Stephanie"]
[Result "1-0"]
[WhiteElo "2037"]
[BlackElo "1541"]
[PlyCount "61"]
[EventDate "2015.??.??"]
[WhiteTeam "Schachclub 1998 Gotha"]
[BlackTeam "SV Wartburgstadt Eisenach"]

1. c4 d6 2. Nc3 e5 3. g3 g6 4. Bg2 Bg7 5. Nf3 f5 6. e4 Nf6 7. d3 O-O 8. O-O c6
9. Qc2 fxe4 10. dxe4 Nh5 11. Bg5 Bf6 12. Bh6 Ng7 13. Rad1 Bg4 14. Rd3 Bxf3 15.
Bxf3 Be7 16. c5 Qa5 17. Qb3+ Kh8 18. Qxb7 Na6 19. Qxe7 Rg8 20. cxd6 Nc5 21. Rd2
Nce6 22. d7 Raf8 23. Bg4 Qd8 24. Bxg7+ Nxg7 25. Qxe5 Rf6 26. Rd6 Rgf8 27. Rxf6
Rxf6 28. Rd1 Rf7 29. Na4 Kg8 30. Nc5 Re7 31. Qxe7 1-0

[Event "Thüringenliga 2015/2016"]
[Site "?"]
[Date "2015.12.20"]
[Round "5"]
[White "Darr, Sascha"]
[Black "Hoffmann, Tim"]
[Result "1-0"]
[WhiteElo "2066"]
[BlackElo "2047"]
[PlyCount "43"]
[EventDate "2015.??.??"]
[WhiteTeam "SV Jenapharm Jena"]
[BlackTeam "ESV Gera"]

1. Nf3 Nf6 2. c4 b6 3. g3 e6 4. Bg2 Bb7 5. O-O Be7 6. Nc3 O-O 7. b3 d6 8. Bb2
Nbd7 9. Qc2 c5 10. e4 Qc8 11. Rac1 Rd8 12. d4 d5 13. exd5 exd5 14. Rfe1 Re8 15.
cxd5 cxd4 16. Nxd4 Bc5 17. Nc6 Rxe1+ 18. Rxe1 Nxd5 19. Nxd5 Bxc6 20. Ne7+ Bxe7
21. Qxc6 Bb4 22. Rd1 1-0

[Event "Thüringenliga 2015/2016"]
[Site "?"]
[Date "2015.12.20"]
[Round "5"]
[White "Puschendorf, Steffen"]
[Black "August, Daniel"]
[Result "1-0"]
[WhiteElo "2086"]
[BlackElo "2011"]
[PlyCount "93"]
[EventDate "2015.??.??"]
[WhiteTeam "ESV Gera"]
[BlackTeam "SV Jenapharm Jena"]

1. d4 d6 2. Nf3 Bg4 3. c4 c6 4. Nc3 Bxf3 5. exf3 Nf6 6. g3 g6 7. Bg2 Bg7 8. O-O
O-O 9. d5 Nbd7 10. Be3 Qc7 11. Rc1 a6 12. f4 c5 13. g4 Rfb8 14. g5 Ne8 15. a4
Qd8 16. Qe2 Nc7 17. Rfe1 b5 18. axb5 axb5 19. cxb5 Ra5 20. Bd2 Kf8 21. Ra1 Rba8
22. Rxa5 Rxa5 23. h4 Nb6 24. h5 c4 25. Qe3 Nxb5 26. Nxb5 Rxb5 27. Bc3 gxh5 28.
Bxg7+ Kxg7 29. Qd4+ Kg8 30. Re3 Qf8 31. f5 f6 32. Rg3 Kh8 33. g6 Qg8 34. g7+
Qxg7 35. Rxg7 Kxg7 36. Be4 Rb3 37. Kg2 h4 38. Bc2 Rb5 39. Qg4+ Kf7 40. Qh5+ Kg7
41. Qg4+ Kf7 42. Qd4 Rc5 43. Be4 Nd7 44. f4 Rb5 45. Kh3 Nc5 46. Bc2 Nd7 47. Ba4
1-0

[Event "Thüringenliga 2015/2016"]
[Site "?"]
[Date "2015.12.20"]
[Round "5"]
[White "Mißbach, Bernd"]
[Black "Gläßl, Matthias"]
[Result "0-1"]
[WhiteElo "1961"]
[BlackElo "2024"]
[PlyCount "98"]
[EventDate "2015.??.??"]
[WhiteTeam "SV Jenapharm Jena"]
[BlackTeam "ESV Gera"]

1. Nf3 c5 2. g3 b6 3. Bg2 Bb7 4. O-O g6 5. d4 cxd4 6. Qxd4 Nf6 7. Qh4 h6 8. Nc3
Bg7 9. Rd1 d6 10. Qc4 O-O 11. e4 Qc8 12. Qxc8 Rxc8 13. e5 dxe5 14. Nxe5 Bxg2
15. Kxg2 Nc6 16. Nxc6 Rxc6 17. Rd3 Rac8 18. h3 e6 19. Be3 a6 20. Rad1 b5 21. a3
Kh7 22. Rd6 g5 23. Rxc6 Rxc6 24. Bd4 Kg6 25. Kf3 Bf8 26. Bxf6 Kxf6 27. Rd3 Kg6
28. Ke2 f5 29. f3 Bd6 30. g4 Kf6 31. gxf5 exf5 32. Nd5+ Ke6 33. c3 Rc4 34. Ne3
Rc5 35. Nc2 Bf4 36. Rd8 Bc1 37. Rh8 Bxb2 38. Rxh6+ Ke5 39. Ne1 Rxc3 40. Nd3+
Kd5 41. Rxa6 Rc2+ 42. Kd1 Rh2 43. a4 Bc3 44. Nc1 Rd2+ 45. Ke1 Ra2+ 46. Kd1 Rxa4
47. Rg6 Ra1 48. Kc2 Be5 49. Rxg5 Rxc1+ 0-1

[Event "Thüringenliga 2015/2016"]
[Site "?"]
[Date "2015.12.20"]
[Round "5"]
[White "Schmidt, Frank"]
[Black "Wicklein, Stefan"]
[Result "1/2-1/2"]
[WhiteElo "1956"]
[BlackElo "1952"]
[PlyCount "24"]
[EventDate "2015.??.??"]
[WhiteTeam "ESV Gera"]
[BlackTeam "SV Jenapharm Jena"]

1. d4 d5 2. Nf3 c6 3. e3 Nf6 4. Nbd2 Bf5 5. c4 e6 6. Qb3 Qb6 7. c5 Qxb3 8. axb3
Ne4 9. b4 Nxd2 10. Bxd2 f6 11. Bc3 Be7 12. Be2 Kd7 1/2-1/2

[Event "Thüringenliga 2015/2016"]
[Site "?"]
[Date "2015.12.20"]
[Round "5"]
[White "Zipfel, Frank"]
[Black "Hilbig, Dieter"]
[Result "1-0"]
[WhiteElo "2014"]
[BlackElo "1880"]
[PlyCount "149"]
[EventDate "2015.??.??"]
[WhiteTeam "SV Jenapharm Jena"]
[BlackTeam "ESV Gera"]

1. g3 Nf6 2. Bg2 e6 3. e4 d6 4. Nc3 c5 5. f4 Nc6 6. Nf3 Be7 7. O-O O-O 8. d3 a6
9. Kh1 Qc7 10. h3 b5 11. g4 Bb7 12. g5 Nd7 13. Be3 b4 14. Ne2 f5 15. gxf6 Bxf6
16. d4 cxd4 17. Nexd4 Nc5 18. f5 Nxd4 19. Nxd4 exf5 20. Rxf5 Nxe4 21. Qg4 Nc5
22. Raf1 Be5 23. Rxf8+ Rxf8 24. Rxf8+ Kxf8 25. Nf3 Bf6 26. Qxb4 Qe7 27. Bf4 Be5
28. Nxe5 Bxg2+ 29. Kxg2 dxe5 30. Qb8+ Kf7 31. Qxe5 Qb7+ 32. Kh2 Nd7 33. Qd4 Qc6
34. c4 Qe6 35. b3 Qe2+ 36. Kg3 Nf6 37. Be3 Nh5+ 38. Kh4 h6 39. Qd5+ Kg6 40.
Qe4+ Kf7 41. Qf5+ Nf6 42. Qf2 Qh5+ 43. Kg3 Kg8 44. Qf3 Qe5+ 45. Kg2 Qb2+ 46.
Qf2 Qe5 47. Bd4 Qe4+ 48. Kh2 Nh5 49. Be3 Qe5+ 50. Kg2 Qe4+ 51. Kg1 Qb1+ 52. Kh2
Qe4 53. Bc1 Qe5+ 54. Kg1 Nf6 55. Bb2 Qg5+ 56. Kh2 Ne4 57. Qg2 Qf4+ 58. Kh1 Ng3+
59. Kg1 Nf5 60. Qd5+ Kh7 61. Qe5 Qf3 62. c5 Qxh3 63. c6 Qg4+ 64. Kf2 Qh4+ 65.
Kf3 Qh3+ 66. Ke4 Qg4+ 67. Kd5 Qf3+ 68. Ke6 Kg6 69. Kd7 Qd1+ 70. Kc8 Qg1 71. c7
Qb6 72. Kd7 Qb7 73. Qe6+ Kg5 74. Bc1+ Kg4 75. Qg6+ 1-0

[Event "Thüringenliga 2015/2016"]
[Site "?"]
[Date "2015.12.20"]
[Round "5"]
[White "Steinmüller, Johannes"]
[Black "Vater, Rainer"]
[Result "0-1"]
[WhiteElo "1722"]
[BlackElo "1904"]
[PlyCount "134"]
[EventDate "2015.??.??"]
[WhiteTeam "ESV Gera"]
[BlackTeam "SV Jenapharm Jena"]

1. e4 d5 2. exd5 Qxd5 3. Nc3 Qd6 4. d4 Nf6 5. Nf3 a6 6. Be2 Bf5 7. O-O e6 8.
Ne5 Be7 9. Bf3 c6 10. Bf4 Qd8 11. Qd2 h6 12. h3 Nbd7 13. Rfd1 g5 14. Bh2 Bd6
15. Kh1 Qc7 16. Nxd7 Nxd7 17. Bxd6 Qxd6 18. Qe3 O-O-O 19. Ne4 Bxe4 20. Bxe4 Nf6
21. Bf3 Rdg8 22. Qe5 Qxe5 23. dxe5 Nd7 24. Re1 h5 25. Be2 g4 26. h4 Nxe5 27.
Bxa6 Ng6 28. Bd3 Nxh4 29. Be4 Ng6 30. Rad1 Ne7 31. Rd2 Rd8 32. Red1 Rxd2 33.
Rxd2 Rd8 34. Rxd8+ Kxd8 35. Kh2 f5 36. Bd3 Ng6 37. f3 Ke7 38. fxg4 hxg4 39. Kg3
Kf6 40. a4 e5 41. b4 e4 42. Be2 Ke5 43. c4 Nf4 44. Bd1 Nd3 45. b5 cxb5 46. cxb5
f4+ 47. Kh2 g3+ 48. Kg1 b6 49. Kf1 Kd4 50. Bc2 Kc4 51. Ke2 Kb4 52. Bd1 Nc5 53.
Bc2 Kc3 54. Bd1 Ne6 55. a5 bxa5 56. b6 Nd8 57. Ba4 Kb4 58. Bc2 e3 59. Be4 a4
60. b7 Nxb7 61. Bxb7 a3 62. Bd5 Kc3 63. Ke1 Kb2 64. Ke2 a2 65. Bxa2 Kxa2 66.
Ke1 f3 67. Kf1 e2+ 0-1

[Event "Thüringenliga 2015/2016"]
[Site "?"]
[Date "2015.12.20"]
[Round "5"]
[White "Rauhut, Frank"]
[Black "Küffner, Rolf"]
[Result "1/2-1/2"]
[WhiteElo "1890"]
[BlackElo "1782"]
[PlyCount "96"]
[EventDate "2015.??.??"]
[WhiteTeam "SV Jenapharm Jena"]
[BlackTeam "ESV Gera"]

1. d4 d5 2. c4 Nc6 3. e3 e5 4. cxd5 Qxd5 5. Nc3 Bb4 6. Bd2 Bxc3 7. bxc3 exd4 8.
cxd4 Nf6 9. f3 O-O 10. Ne2 Re8 11. Kf2 Qd6 12. g3 a6 13. Bg2 Be6 14. e4 Bc4 15.
Be3 Rad8 16. e5 Nxe5 17. dxe5 Qxe5 18. Qc1 Bxe2 19. Kxe2 Nd5 20. f4 Qxe3+ 21.
Qxe3 Rxe3+ 22. Kf2 Rc3 23. Rhc1 Rxc1 24. Rxc1 c6 25. Rb1 Rd7 26. Bh3 Rc7 27.
Rc1 Kf8 28. Bg2 Nb4 29. Ra1 Ke7 30. a3 Nd5 31. Rc1 Kd6 32. Ke2 Re7+ 33. Kd2 b5
34. Bf3 f5 35. Be2 Re3 36. a4 Ra3 37. axb5 axb5 38. Rc2 b4 39. Rb2 c5 40. Bc4
Nc3 41. Bg8 Ne4+ 42. Ke2 Nf6 43. Bc4 Rc3 44. Bd3 c4 45. Bxf5 b3 46. Kd2 Rf3 47.
Ke2 Rc3 48. Kd2 Rf3 1/2-1/2

[Event "Thüringenliga 2015/2016"]
[Site "?"]
[Date "2015.12.20"]
[Round "5"]
[White "Kupper, Matthias"]
[Black "Jung, Florian"]
[Result "0-1"]
[WhiteElo "1741"]
[BlackElo "1825"]
[PlyCount "100"]
[EventDate "2015.??.??"]
[WhiteTeam "ESV Gera"]
[BlackTeam "SV Jenapharm Jena"]

1. e4 c5 2. Nf3 d6 3. d4 cxd4 4. Nxd4 Nf6 5. Nc3 g6 6. Be2 Bg7 7. Be3 O-O 8.
Qd2 Nc6 9. O-O-O d5 10. exd5 Nxd5 11. Bf3 Nxc3 12. Qxc3 Nxd4 13. Bxd4 e5 14.
Be3 Qh4 15. Bd5 Bf5 16. Qb3 a5 17. Bc5 a4 18. Qb4 Qxb4 19. Bxb4 Rfc8 20. c4 a3
21. b3 Rc7 22. Kd2 Bh6+ 23. Ke2 Bc2 24. Rde1 Kg7 25. Bd2 f5 26. Bxh6+ Kxh6 27.
Kd2 Rd8 28. Kxc2 Rxd5 29. Rd1 Rdc5 30. Kd3 b5 31. cxb5 Rxb5 32. Rc1 Rd7+ 33.
Ke2 Rd4 34. Rhd1 Re4+ 35. Kf1 Kg5 36. Rc3 Rbb4 37. g3 f4 38. f3 Red4 39. Rxd4
Rxd4 40. Ke2 fxg3 41. hxg3 Kf5 42. Rc5 g5 43. Ra5 h5 44. Rxa3 h4 45. gxh4 gxh4
46. Ra8 Kf4 47. Rg8 h3 48. a4 h2 49. Rh8 Kg3 50. Rg8+ Kh3 0-1

[Event "Thüringenliga 2015/2016"]
[Site "?"]
[Date "2015.12.20"]
[Round "5"]
[White "Recknagel, Michael"]
[Black "Pähtz, Thomas"]
[Result "1/2-1/2"]
[WhiteElo "2194"]
[BlackElo "2317"]
[PlyCount "30"]
[EventDate "2015.??.??"]
[WhiteTeam "SC Suhl"]
[BlackTeam "Ilmenauer SV"]

1. e4 e6 2. d4 d5 3. exd5 exd5 4. Bd3 Nc6 5. c3 Bd6 6. Nf3 Nge7 7. Qc2 Bg4 8.
Nh4 Qd7 9. h3 Be6 10. Be3 h6 11. Nd2 g5 12. Nhf3 f5 13. Nb3 b6 14. O-O-O f4 15.
Bd2 Bf5 1/2-1/2

[Event "Thüringenliga 2015/2016"]
[Site "?"]
[Date "2015.12.20"]
[Round "5"]
[White "Zehnter, Sebastian"]
[Black "Eichelmann, Andre"]
[Result "1-0"]
[WhiteElo "2196"]
[BlackElo "1901"]
[PlyCount "99"]
[EventDate "2015.??.??"]
[WhiteTeam "Ilmenauer SV"]
[BlackTeam "SC Suhl"]

1. e4 d6 2. d4 g6 3. Nc3 Bg7 4. Nf3 Bg4 5. Be2 Nd7 6. O-O c5 7. d5 Ngf6 8. a4
O-O 9. h3 Bxf3 10. Bxf3 a6 11. Re1 Qc7 12. a5 b6 13. axb6 Qxb6 14. Be2 Rfb8 15.
Bf1 Ne8 16. Ra3 Nc7 17. Na4 Qb7 18. Rg3 Nb5 19. c3 Ne5 20. f4 Nd7 21. Bc4 Qc8
22. Rge3 Qc7 23. R3e2 Rd8 24. Be3 Nb6 25. Nxb6 Qxb6 26. Rf2 Ra7 27. h4 Rf8 28.
h5 Qd8 29. hxg6 fxg6 30. Bd2 Qd7 31. Qe2 Raa8 32. e5 dxe5 33. fxe5 Rxf2 34.
Qxf2 Rc8 35. Bg5 Kh8 36. Re4 Rf8 37. Qxc5 Qf5 38. Qe3 Qd7 39. Ba2 Nc7 40. c4
Rf5 41. Bb3 Ne8 42. Bf4 Qb7 43. Ba4 Qxb2 44. Bxe8 Qb1+ 45. Kh2 Rh5+ 46. Kg3 Qh1
47. Bd7 Qh4+ 48. Kf3 g5 49. Bg3 Qh1 50. Qe1 1-0

[Event "Thüringenliga 2015/2016"]
[Site "?"]
[Date "2015.12.20"]
[Round "5"]
[White "Berghof, Axel"]
[Black "Mehlhorn, Uwe"]
[Result "0-1"]
[WhiteElo "2046"]
[BlackElo "2097"]
[PlyCount "161"]
[EventDate "2015.??.??"]
[WhiteTeam "SC Suhl"]
[BlackTeam "Ilmenauer SV"]

1. e4 Nf6 2. e5 Nd5 3. c4 Nb6 4. c5 Nd5 5. Nc3 e6 6. Bc4 Nxc3 7. bxc3 Bxc5 8.
d4 Bf8 9. h4 d5 10. Bd3 c5 11. Nf3 h6 12. h5 Be7 13. Rh3 Nc6 14. Rg3 c4 15. Bc2
Kd7 16. Rxg7 Qf8 17. Rg4 b5 18. Nh2 Kc7 19. Qf3 Bd7 20. Rf4 Be8 21. Ng4 b4 22.
Nf6 Bxf6 23. Rxf6 bxc3 24. Bg6 Qe7 25. Bxf7 Nxd4 26. Qxc3 Bxf7 27. Qxd4 Bxh5
28. Qc3 a5 29. Ba3 Qh7 30. Bd6+ Kd7 31. Qb2 Qe4+ 32. Kf1 d4 33. Qb6 Rhc8 34.
Rxh6 Be2+ 35. Kg1 c3 36. Rh7+ Ke8 37. Re7+ Kf8 38. Rxe6+ Kg7 39. Re7+ Kg8 40.
Bc7 Ra6 41. Qb3+ Kh8 42. Qf7 Rg8 43. g3 Rh6 44. Qf6+ Rxf6 45. exf6 Qg4 46. f7
Rf8 47. Be5+ Kh7 48. Re8 Rxf7 49. Rh8+ Kg6 50. Rg8+ Kf5 51. Rxg4 Kxg4 52. f4
Kxg3 53. Bxd4 c2 54. a4 Rb7 55. Ra3+ Bf3 56. Bf2+ Kg4 57. Be3 Rb1+ 58. Kf2 c1=Q
59. Bxc1 Rxc1 60. Ke3 Rc4 61. f5 Bc6 62. f6 Rf4 63. f7 Rxf7 64. Kd4 Rb7 65. Kc5
Be4 66. Rc3 Kf4 67. Ra3 Ke5 68. Ra1 Rb4 69. Ra2 Bd3 70. Rd2 Ke4 71. Rh2 Ke3 72.
Ra2 Bc4 73. Rc2 Kd3 74. Rh2 Kc3 75. Rh3+ Bd3 76. Rg3 Rxa4 77. Kb6 Ra1 78. Rg5
a4 79. Ka5 a3 80. Rc5+ Kb3 81. Rh5 0-1